Statistics for Karol G Charting Songs (Billboard Hot 100)

Click here to take the quiz!

General Stats

  • This quiz has been taken 27 times
    (13 since last reset)
  • The average score is 5 of 9

Answer Stats

AlbumWeeks OnPeakArtist(s)Song% Correct
Non-Album Single21 Weeks#42Karol G & Nicki MinajTusa
100%
Non-Album Single13 Weeks#72Karol GBICHOTA
71%
Non-Album Single1 Week#94Karol GAy, Dios Mio!
71%
XV7 Weeks#33Jonas Brothers ft. Karol GX
57%
Emmanuel18 Weeks#43Anuel AA, Daddy Yankee, Karol G, Ozuna & J BalvinChina
57%
Emmanuel11 Weeks#68Anuel AA & Karol GSecreto
57%
Non-Album Single9 Weeks#36Pitbull x El Chombo x Karol G ft. Cutty RanksDame Tu Cosita
43%
Enoc10 Weeks#76Ozuna x Karol G x Myke TowersCaramelo
43%
Shoot for the Stars, Aim for the Moon2 Weeks#56Pop Smoke ft. Karol GEnjoy Yourself
14%

Score Distribution

Percentile by Number Answered

Percent of People with Each Score

Your Score History

You have not taken this quiz since the last reset